Partis Politiques des membres du gouvernement Castex - Statistiques

Statistiques générales
  • Ce quiz a été pris 238 fois
  • Le résultat moyen est 3 sur 7
Statistiques - réponses
Parti Nombre de Membres % Correct
La République en Marche 25
94%
Mouvement Démocrate 3
80%
Agir 1
47%
Territoires de Progrès 10
31%
Parti Radical 2
19%
En Commun 1
17%
Parti écologiste 1
16%
Aucun quiz correspondant
Distribution des résultats
% des personnes avec chaque résultat
Percentile par nombre de réponses
Votre historique - résultats
Vous n’avez pas pris ce quiz